Statistics for 20 deepest nordic lakes

Click here to take the quiz!

General Stats

  • This quiz has been taken 7 times
  • The average score is 7 of 20

Answer Stats

HintAnswer% Correct
309Storsjøen
67%
514Hornindalsvatnet
50%
453Mjøsa
50%
234Nisser
50%
325Bandak
33%
220Dingevatnet
33%
377Fyresvatnet
33%
228Hornavan
33%
248Jökulsárlón
33%
231Røssvatnet
33%
482Salsvatnet
33%
460Tinnsjø
33%
306Totak
33%
222Tunnsjøen
33%
288Tyrifjorden
33%
278Breimsvatnet
17%
233Jølstravatnet
17%
314Lundevatn
17%
230Strynevatnet
17%
376Suldalsvatnet
17%

Score Distribution

Percentile by Number Answered

Percent of People with Each Score

Your Score History

You have not taken this quiz